000 00655nam a22002057a 4500
005 20140926145314.0
010 _aENG-110953
020 _a9780198099130
_c995.00
020 _a0198099134
_c995.00
035 _aEN-94485
037 _bDBAD/PUB
082 _a306.46
100 _aSujatha, V.
245 _aSociology of health and medicine :
_cby V. Sujatha
_bnew perspectives /
260 _aNew Delhi
_bOxford University Press
_c2014
270 _aYMCA Library Building, 1 Jai Singh
_bNew Delhi
_e110020
300 _axix,332p.
_c22cm(Hb)
500 _aIncludes bibliographical references and index
942 _2ddc
_cEN
_mSUJ
_h306.46
999 _c88981
_d88981